01012cam a2200253 a 450000100100000000500170001000800410002704000310006808200150009910000350011424500560014926000290020530000260023450400730026060000410033365000180037465000270039265000350041991000280045404900090048295201250049195201250061699900170074100001604720260203124139.0801125s1967 sp b 000 0 spa d aDO-SdBNPcNBuUdDLCdBNPHU a160bS717s1 aSotelo, Ignacio,d1936-93601610aSartre y la razón dialéctica /cIgnacio Sotelo. aMadrid :bTecnos,c1967. a158, [3] p. ;c22 cm. aIncluye referencias bibliográficas y notas al pie de las páginas10aSARTRE, JEAN-PAULd1905-1980.913414 0aLógica9332 0aExistencialismo936017 4aMaterialismo dialéctico9845 aCatalogación derivada aBNGR 001053728MOaGRbGRcCTd2010-02-23iLF1l0o160 S717sp16047-10r2020-06-25te. 1w2020-06-25y2ZPréstamo interno 001052728MOaGRbGRcCTd2010-02-23iLF1l0o160 S717sp16047-20r2020-06-25te. 2w2020-06-25y2ZPréstamo interno c15588d15588